Home Print Resources E-Books E-Journals IIMT Lecture Series Library Membership Form Book Recommendation Form Campus Tour Take AdmissionAbout Us Contact Us

PRACTICA PHARMACEUTICA CHEMISTRY (Record no. 57997)

000 -LEADER
fixed length control field 00389nam a22001577a 4500
003 - CONTROL NUMBER IDENTIFIER
control field OSt
005 - DATE AND TIME OF LATEST TRANSACTION
control field 20240115145654.0
008 - FIXED-LENGTH DATA ELEMENTS--GENERAL INFORMATION
fixed length control field 240115b |||||||| |||| 00| 0 eng d
020 ## - INTERNATIONAL STANDARD BOOK NUMBER
International Standard Book Number 9788123905136
040 ## - CATALOGING SOURCE
Transcribing agency IIMT UNIVERSITY
100 ## - MAIN ENTRY--PERSONAL NAME
Personal name BECKETT.A.H,STENLAKE.JB
245 ## - TITLE STATEMENT
Title PRACTICA PHARMACEUTICA CHEMISTRY
260 ## - PUBLICATION, DISTRIBUTION, ETC.
Place of publication, distribution, etc. NEW DELHI
Name of publisher, distributor, etc. CBS
Date of publication, distribution, etc. 2024
300 ## - PHYSICAL DESCRIPTION
Extent 326
942 ## - ADDED ENTRY ELEMENTS (KOHA)
Source of classification or shelving scheme
Koha item type Text-Book- for 7 days
Edition 4
Holdings
Withdrawn status Lost status Source of classification or shelving scheme Damaged status Not for loan Home library Current library Date acquired Source of acquisition Inventory number Total Checkouts Barcode Date last seen Price effective from Koha item type
          IIMT SCHOOL OF PHARMACEUTICAL SCIENCES IIMT SCHOOL OF PHARMACEUTICAL SCIENCES 01/01/2024 ARISTA PUBLICATION HO/IN/104,01-01-2024   27-B-1997 01/15/2024 01/15/2024 Text-Book- for 7 days
          IIMT SCHOOL OF PHARMACEUTICAL SCIENCES IIMT SCHOOL OF PHARMACEUTICAL SCIENCES 01/01/2024 ARISTA PUBLICATION HO/IN/104,01-01-2024   27-B-1998 01/15/2024 01/15/2024 Text-Book- for 7 days
          IIMT SCHOOL OF PHARMACEUTICAL SCIENCES IIMT SCHOOL OF PHARMACEUTICAL SCIENCES 01/01/2024 ARISTA PUBLICATION HO/IN/104,01-01-2024   27-B-1999 01/15/2024 01/15/2024 Text-Book- for 7 days
IIMT, Central Library. All Rights Reserved IIMT,UNIVERSITY © 2023
Implemented and Customised by I CLOUDE EMS
You Are OPAC Visitor No
free web counter

Powered by Koha